| 000 | 00449 a2200157 4500 | ||
|---|---|---|---|
| 999 |
_c4109 _d4109 |
||
| 020 | _a9780415585705 | ||
| 050 | _aP302 GEE 2010 | ||
| 100 |
_aGee, James Paul _eauthor |
||
| 245 |
_aAn introduction to discourse analysis : _btheory and method / _cJames Paul Gee |
||
| 250 | _a3rd ed. | ||
| 264 |
_aNew York : _bRoutledge, _c2010 |
||
| 300 | _a218p. | ||
| 500 | _aIncludes index | ||
| 650 | _aDiscourse analysis | ||
| 942 |
_2lcc _cBK _e3rd ed. _h302 _iGEE _kP |
||